LEADER 00905nam0-22003011i-450- 001 990003018320403321 010 $a0-7450-0182-3 035 $a000301832 035 $aFED01000301832 035 $a(Aleph)000301832FED01 035 $a000301832 100 $a20000920d1992----km-y0itay50------ba 101 0 $aita 102 $aIT 200 1 $aBetween Marginalism and Marxism$eThe economic sociology of J.A. Schumpeter$fTom Bottomore. 210 $aNew York$aLondon$cHarvester Wheatsheaf$d1992. 215 $aVII, 150 p.$d22 cm 610 0 $aSchumpeter, Joseph A.$aSociologia economica 676 $aD/8.12 702 1$aBottomore,$bT. B.$g 801 0$aIT$bUNINA$gRICA$2UNIMARC 901 $aBK 912 $a990003018320403321 952 $aD/8.12 BOT$b14413$fSES 959 $aSES 996 $aBetween Marginalism and Marxism$9467466 997 $aUNINA DB $aING01 LEADER 02525oem 2200673 450 001 9910713483803321 005 20200624113112.0 035 $a(CKB)5470000002500812 035 $a(OCoLC)1151051360 035 $a(EXLCZ)995470000002500812 100 $a20200417d1983 ua 101 0 $aeng 120 $aa|||||||||||| 121 $a||||||||| 124 $bd 135 $aur||||||||||| 181 $ccri$2rdacontent 182 $cc$2rdamedia 183 $acr$2rdacarrier 200 10$aHistorical changes to Lake Washington and route of the Lake Washington Ship Canal, King County, Washington /$fby Michael Chrzastowski 210 1$a[Reston, Va.] :$cDepartment of the Interior, United States Geological Survey,$d1983. 215 $a1 online resource (1 map) +$epamphlet (9 pages : illustrations, map) 225 1 $aWater-resources investigations 225 1 $aOpen-file report ;$v81-1182 300 $aIncludes text, illustrations, and two index maps. 300 $aIncludes photographs courtesy of the Historical Society of Seattle and King County, Museum of History and Industry. 320 $aIncludes bibliographical references (page 8, 9 of pamphlet). 606 $aCoast changes$zWashington (State)$zWashington, Lake$xHistory$vMaps 606 $aShorelines$zWashington (State)$zWashington, Lake$vMaps 606 $aWetlands$zWashington (State)$zWashington, Lake$vMaps 606 $aDeltas$zWashington (State)$zWashington, Lake$vMaps 606 $aCoast changes$2fast 606 $aDeltas$2fast 606 $aShorelines$2fast 606 $aWetlands$2fast 607 $aLake Washington Ship Canal (Seattle, Wash.)$vMaps 607 $aWashington, Lake (Wash.)$vMaps 607 $aWashington (State)$zLake Washington$2fast 607 $aWashington (State)$zSeattle$zLake Washington Ship Canal$2fast 608 $aHistory.$2fast 608 $aMaps.$2fast 608 $aMaps.$2lcgft 615 0$aCoast changes$xHistory 615 0$aShorelines 615 0$aWetlands 615 0$aDeltas 615 7$aCoast changes. 615 7$aDeltas. 615 7$aShorelines. 615 7$aWetlands. 702 $aChrzastowski$b Michael 712 02$aPuget Sound Region Earth Sciences Applications Project. 801 0$bGPO 801 1$bGPO 801 2$bGPO 906 $aBOOK 912 $a9910713483803321 996 $aHistorical changes to Lake Washington and route of the Lake Washington Ship Canal, King County, Washington$93255481 997 $aUNINA